Abeceda úspešnej miss kariéra na dosah

Bibliographic Details
Main Authors: Pátková, Gabriela (Author), Oklamčák, Jozef, 1956- (Author)
Format: Book
Language:Slovak
Published: Bratislava Ikar 1998
Subjects:

MARC

LEADER 00000nam a2200000 a 4500
001 vtls001329099
003 SK-MaSNL
005 20260301235642.0
008 240313s1998 xo a r slo
015 |a SNBA1998/09-03177 
020 |a 807118621X 
035 |a SNK000281936 
035 |a urn:nbn:sk:snk-amkhn5 
035 |a urn:nbn:sk:snk-am008gns 
035 |a A2CAAF96-7949-4132-A734-293F0A3A5B3C 
040 |a SNK  |b slo  |c SNK  |e AACR2 
041 0 |a slo 
044 |a xo  |c SK 
080 |a 79.092-055.2(437.6)  |2 1981 
100 1 |a Pátková, Gabriela  |4 aut  |9 46171 
245 1 0 |a Abeceda úspešnej miss  |b kariéra na dosah  |c Gabriela Pátková, Jozef Oklamčák 
260 |a Bratislava  |b Ikar  |c 1998 
300 |a 103 s.  |b fotogr.  |c 21 cm 
611 2 7 |a Miss Slovenskej republiky  |2 SNK  |9 32765 
650 0 7 |a súťaže krásy  |2 SNK  |9 22370 
655 7 |a príručky  |2 SNK  |9 74364 
700 1 |a Oklamčák, Jozef,  |d 1956-  |4 aut  |9 29578 
919 |a 80-7118-621-X 
958 |a TL 
999 |c 976021  |d 977951 
952 |t P60, <03>, [BOOK], {603}  |a SNK  |b SNK  |y PREZ  |7 0  |p 17A0130996  |o snkSC 95610  |i snkKSP 4651/98  |0 0  |1 0  |4 0  |d 1998-04-29  |f 1  |l 0  |r 2025-09-12 00:00:00  |w 2026-02-24 
952 |t P60, <04>, [BOOK], {604}  |a SNK  |b SNK  |y VYP  |7 0  |p 17A0130995  |o snkSC 95610 D1  |i snkKSP 4652/98  |0 0  |1 0  |4 0  |d 1998-04-29  |l 0  |r 2005-01-02 00:00:00  |w 2026-02-24